| 000 | 00467nam a22001697a 4500 | ||
|---|---|---|---|
| 003 | CEME | ||
| 005 | 20210628202222.0 | ||
| 008 | 210317b xxu||||| |||| 00| 0 eng d | ||
| 020 | _a3-540-52604-8 | ||
| 040 | _c. | ||
| 082 | _a621.3675 OST'H | ||
| 100 |
_aOstrovsky, Yu T Shchepinov, V. P Yakovlev, V. W _958812 |
||
| 245 | _aHolographic interferometry in experimental mechanics | ||
| 260 |
_aNEWYORK _bSPRINGER VERLAG _c1991 |
||
| 300 | _a248P | ||
| 942 |
_cBK _2ddc |
||
| 999 |
_c568921 _d568921 |
||